<?xml version="1.0" encoding="UTF-8"?>
<collection xmlns="http://www.loc.gov/MARC21/slim">
<record>
  <controlfield tag="001">124516</controlfield>
  <controlfield tag="005">20230322092604.0</controlfield>
  <datafield tag="037" ind1=" " ind2=" ">
    <subfield code="a">TAZ-TFM-2023-071</subfield>
  </datafield>
  <datafield tag="041" ind1=" " ind2=" ">
    <subfield code="a">spa</subfield>
  </datafield>
  <datafield tag="100" ind1="1" ind2=" ">
    <subfield code="a">Gregori Arlandis, Javier</subfield>
  </datafield>
  <datafield tag="242" ind1="0" ind2="0">
    <subfield code="a">Role of W483 in the redox properties of Human Apoptosis Inducing Factor (hAIF)</subfield>
  </datafield>
  <datafield tag="245" ind1="0" ind2="0">
    <subfield code="a">Papel del residuo W483 en las propiedades redox del factor de Apoptosis Humano (hAIF)</subfield>
  </datafield>
  <datafield tag="260" ind1=" " ind2=" ">
    <subfield code="a">Zaragoza</subfield>
    <subfield code="b">Universidad de Zaragoza</subfield>
    <subfield code="c">2023</subfield>
  </datafield>
  <datafield tag="506" ind1=" " ind2=" ">
    <subfield code="a">by-nc-sa</subfield>
    <subfield code="b">Creative Commons</subfield>
    <subfield code="c">3.0</subfield>
    <subfield code="u">http://creativecommons.org/licenses/by-nc-sa/3.0/</subfield>
  </datafield>
  <datafield tag="520" ind1=" " ind2=" ">
    <subfield code="a">AIF es una flavoproteína que produce la inducción de apoptosis, conocida esencialmente por su acción pro-apoptótica; sin embargo, debido a su cofactor FAD exhibe una acción NAD(P)H óxido-reductasa, además es posible creer que estas funciones estén relacionadas. En el presente estudio se ha realizado un estudio de la implicación en la actividad NADH oxidasa de hAIFΔ1-77 en la posición del residuo 483 (triptófano por Tirosina, Leucina y Glicina). Para ello, se ha probado la expresión a pequeña escala, se han producido a media escala las variantes de interés, se purifican las mutantes hAIFΔ77. Referente a la caracterización se determina el coeficiente de extinción molar de cada mutante, la estabilidad del dímero, la cinética en estado estacionario además del tiempo de vida media del complejo de transferencia de carga. Por esto, ha quedado expuesto que hAIF WT en concentraciones equimolares de NADH posee la capacidad de reducirse completamente. Asimismo, la forma oxidada de hAIF WT exhibe por NAD+ poca afinidad. También los residuos del centro activo son fundamentales para la función óxido-reductasa.&lt;br />&lt;br /></subfield>
  </datafield>
  <datafield tag="521" ind1=" " ind2=" ">
    <subfield code="a">Máster en Biología Molecular y Celular</subfield>
  </datafield>
  <datafield tag="540" ind1=" " ind2=" ">
    <subfield code="a">Derechos regulados por licencia Creative Commons</subfield>
  </datafield>
  <datafield tag="700" ind1=" " ind2=" ">
    <subfield code="a">Ferreira Neila, Patricia</subfield>
    <subfield code="e">dir.</subfield>
  </datafield>
  <datafield tag="700" ind1=" " ind2=" ">
    <subfield code="a">Moreno Loshuertos, Raquel</subfield>
    <subfield code="e">dir.</subfield>
  </datafield>
  <datafield tag="710" ind1="2" ind2=" ">
    <subfield code="a">Universidad de Zaragoza</subfield>
    <subfield code="b"> </subfield>
    <subfield code="c"></subfield>
  </datafield>
  <datafield tag="856" ind1="0" ind2=" ">
    <subfield code="f">847866@unizar.es</subfield>
  </datafield>
  <datafield tag="856" ind1="4" ind2=" ">
    <subfield code="s">2544758</subfield>
    <subfield code="u">http://zaguan.unizar.es/record/124516/files/TAZ-TFM-2023-071.pdf</subfield>
    <subfield code="y">Memoria (spa)</subfield>
  </datafield>
  <datafield tag="909" ind1="C" ind2="O">
    <subfield code="o">oai:zaguan.unizar.es:124516</subfield>
    <subfield code="p">driver</subfield>
    <subfield code="p">trabajos-fin-master</subfield>
  </datafield>
  <datafield tag="950" ind1=" " ind2=" ">
    <subfield code="a"></subfield>
  </datafield>
  <datafield tag="980" ind1=" " ind2=" ">
    <subfield code="a">TAZ</subfield>
    <subfield code="b">TFM</subfield>
    <subfield code="c">CIEN</subfield>
  </datafield>
  <datafield tag="999" ind1=" " ind2=" ">
    <subfield code="a">20230201121140.CREATION_DATE</subfield>
  </datafield>
  <datafield tag="951" ind1=" " ind2=" ">
    <subfield code="a">deposita:2023-03-21</subfield>
  </datafield>
</record>
</collection>